[Event "FIDE World Rapid Team"]
[Site "London ENG"]
[Date "2025.06.13"]
[Round "11.3"]
[White "Stein, Theodor"]
[Black "Blokhin, Sofia"]
[Result "0-1"]
[WhiteElo "1933"]
[BlackElo "2099"]
[EventDate "2025.06.11"]
[Board "4"]

1. Nf3 g6 2. e4 c5 3. g3 Bg7 4. Bg2 Nc6 5. O-O d6 6. d3 Nf6 7. h3 O-O 8.
Ne1 d5 9. Nc3 d4 10. Ne2 e5 11. f4 Bd7 12. Nf3 exf4 13. gxf4 Nh5 14. a3 Rc8
15. Qe1 b5 16. Ng3 Nxg3 17. Qxg3 c4 18. Nh4 cxd3 19. cxd3 Na5 20. Bd2 Nb3
21. Rad1 Nxd2 22. Rxd2 a5 23. e5 Bc6 24. f5 Bxe5 25. Qxe5 Qxh4 26. fxg6
hxg6 27. Rf6 Rfe8 28. Qd6 Qe1+ 29. Kh2 Qxd2 30. Rxg6+ Kh7 31. Rg4 Qh6 32.
Qxd4 Rcd8 33. Qf2 Qd6+ 34. Rf4 Re6 35. Qg3 Rg8 36. Rh4+ Rh6 37. Qxd6 Rxg2+
38. Kh1 Rg6+ 39. Qxc6 Rxc6 40. Rf4 Rxh3+ 41. Kg2 Rxd3 42. Rxf7+ Kg6 43. Rf2
Rcd6 0-1

[Event "FIDE World Rapid Team"]
[Site "London ENG"]
[Date "2025.06.13"]
[Round "11.3"]
[White "Agafonov, Yuri Dr"]
[Black "Ho, Ngoc Hai-Dang"]
[Result "1/2-1/2"]
[WhiteElo "1987"]
[BlackElo "1981"]
[EventDate "2025.06.11"]
[Board "5"]

1. d4 Nf6 2. Nf3 d5 3. e3 Bf5 4. Nh4 Bg4 5. Qd3 c6 6. h3 Bh5 7. g4 Bg6 8.
Nxg6 hxg6 9. Bg2 Nbd7 10. c4 dxc4 11. Qxc4 e5 12. Nc3 Nb6 13. Qe2 exd4 14.
exd4+ Be7 15. O-O O-O 16. Bg5 Re8 17. Rfd1 Nfd5 18. Bxe7 Rxe7 19. Qf3 Qc7
20. Rac1 Rae8 21. Bf1 g5 22. Qf5 Qf4 23. Nxd5 Nxd5 24. Qxf4 Nxf4 25. b4
Ne2+ 26. Bxe2 Rxe2 27. a3 Ra2 28. Rc3 Ree2 29. Rf3 Rad2 30. Rxd2 Rxd2 31.
Rf5 f6 32. b5 Rxd4 33. bxc6 bxc6 34. Ra5 Rd7 35. Kg2 Kf7 36. Kf3 Ke6 37.
Ke4 g6 38. f4 gxf4 39. Kxf4 Rc7 40. h4 c5 41. Ra6+ Kf7 42. Ke3 f5 43. gxf5
gxf5 44. Kf4 c4 45. Kxf5 c3 46. Rf6+ Kg7 47. Rg6+ Kh7 48. Rg1 c2 49. Rc1
Rc3 50. a4 Rc4 51. a5 Kh6 52. Ke5 Rc5+ 53. Kd6 Rxa5 54. Rxc2 1/2-1/2

[Event "FIDE World Rapid Team"]
[Site "London ENG"]
[Date "2025.06.13"]
[Round "11.3"]
[White "Schuster, Rebekka"]
[Black "Kiritshenko, Platon"]
[Result "1/2-1/2"]
[WhiteElo "1874"]
[BlackElo "1732"]
[EventDate "2025.06.11"]
[Board "6"]

1. e4 c5 2. d3 g6 3. f4 Bg7 4. Nf3 Nc6 5. Be2 Nf6 6. O-O O-O 7. c3 d6 8.
Qe1 Rb8 9. Qh4 b5 10. Ng5 h6 11. Nh3 Qd7 12. f5 Kh7 13. g4 b4 14. g5 Ng8
15. gxh6 Nxh6 16. Bxh6 Bxh6 17. fxg6+ Kg7 18. Nf4 fxg6 1/2-1/2

[Event "FIDE World Rapid Team"]
[Site "London ENG"]
[Date "2025.06.13"]
[Round "11.4"]
[White "Cancedda-Dupuis, Livio"]
[Black "Zakarian, David"]
[Result "1/2-1/2"]
[WhiteElo "2203"]
[BlackElo "2277"]
[EventDate "2025.06.11"]
[Board "1"]

1. Nf3 Nf6 2. d4 e6 3. e3 b6 4. Bd3 Bb7 5. Nbd2 g6 6. O-O Bg7 7. b3 O-O 8.
Bb2 d6 9. Qe2 Nbd7 10. c4 e5 11. dxe5 Ng4 12. Rad1 Ngxe5 13. Nxe5 Nxe5 14.
Be4 Bxe4 15. Nxe4 f5 16. Nc3 Qd7 17. Nd5 Rae8 18. h3 a5 19. f4 Nc6 20. Bxg7
Qxg7 21. Qf3 Nb4 22. Nxb4 axb4 23. Rd4 Rf7 24. Rfd1 Rfe7 25. R4d3 Re4 26.
Qf2 R8e6 27. Qd2 Qe7 28. Kf2 Qh4+ 29. Kf1 Kf7 30. Re1 Qg3 31. Qf2 Qh2 32.
Qh4 Kg7 33. Kf2 h6 34. Qg3 Qxg3+ 35. Kxg3 g5 36. fxg5 hxg5 37. Kf2 Kf6 38.
Rd4 R4e5 39. g3 Re8 40. Kf3 Ra5 41. Re2 Rea8 42. Rdd2 Rh8 43. Rh2 Re5 44.
h4 gxh4 45. Rxh4 Rxh4 46. gxh4 Re4 47. Rd4 Re8 48. Rf4 Kg6 49. e4 fxe4+ 50.
Rxe4 Rf8+ 51. Ke2 Ra8 52. Re7 Rxa2+ 53. Kd1 Rb2 54. Rxc7 Rxb3 55. Rc6 Rd3+
56. Kc2 Rc3+ 57. Kb2 Kh5 58. Rxd6 Rxc4 59. Rxb6 Kxh4 60. Kb3 1/2-1/2

[Event "FIDE World Rapid Team"]
[Site "London ENG"]
[Date "2025.06.13"]
[Round "11.4"]
[White "Kiremitciyan, Ari"]
[Black "Bryant, Harry"]
[Result "0-1"]
[WhiteElo "2165"]
[BlackElo "2121"]
[EventDate "2025.06.11"]
[Board "2"]

1. Nf3 Nf6 2. g3 c5 3. Bg2 Nc6 4. O-O e5 5. c4 Be7 6. Nc3 O-O 7. d3 d6 8.
a3 a6 9. Rb1 Rb8 10. Nd2 Bd7 11. Nde4 Nxe4 12. dxe4 b5 13. cxb5 axb5 14.
Nd5 b4 15. a4 b3 16. e3 Na5 17. Ra1 Nc4 18. Qe2 Nb6 19. Nxe7+ Qxe7 20. a5
Na4 21. Rd1 Rfc8 22. Qd3 c4 23. Qxd6 Qxd6 24. Rxd6 Be8 25. a6 c3 26. a7 Ra8
27. bxc3 b2 28. Bxb2 Nxb2 29. Bh3 Nc4 30. Rd5 Rc7 31. Bf1 Nb6 32. Rxe5 Bd7
33. Rb1 Nc8 34. Bb5 Nxa7 35. Be2 Nc6 36. Rc5 Ra5 37. Rb8+ Nxb8 38. Rxc7 Kf8
39. Rb7 Ra8 40. Bc4 Ke8 41. Bd5 f6 42. Kg2 Nc6 43. Rc7 Ra6 44. f4 Ne7 45.
c4 Nxd5 46. exd5 Kd8 47. Rb7 Kc8 48. Rb4 Ra4 49. Rxa4 Bxa4 50. e4 Kd7 51.
Kf3 Kd6 52. Ke3 Kc5 53. e5 fxe5 54. fxe5 Kxc4 55. d6 Kd5 56. Kf4 Ke6 57. g4
Bc2 58. h4 Bg6 59. Ke3 Be8 60. Kd4 Bc6 61. Kc5 Ba4 62. Kd4 Bd1 63. g5 g6
64. Ke4 Ba4 65. Kd4 Bd7 66. Ke4 Bc8 67. Kd4 Kf5 68. Kd5 Bd7 69. Kd4 Be6 70.
Kc5 Kxe5 71. Kc6 Kf5 72. d7 Bxd7+ 0-1

[Event "FIDE World Rapid Team"]
[Site "London ENG"]
[Date "2025.06.13"]
[Round "11.4"]
[White "Dasgupta, Avyukt"]
[Black "Stepanyan, Henrik"]
[Result "1-0"]
[WhiteElo "2083"]
[BlackElo "2140"]
[EventDate "2025.06.11"]
[Board "3"]

1. e4 e5 2. Nf3 d5 3. exd5 e4 4. Qe2 Nf6 5. d3 Qxd5 6. Nc3 Bb4 7. Bd2 Bxc3
8. Bxc3 O-O 9. Ne5 Re8 10. d4 Nbd7 11. Qc4 Nxe5 12. dxe5 Qxc4 13. Bxc4 Ng4
14. Rd1 e3 15. f3 Nf2 16. Ke2 Nxh1 17. Rxh1 Bf5 18. Bb3 c5 19. a4 Rec8 20.
Bd5 Rab8 21. Kxe3 Bxc2 22. e6 Re8 23. Kd2 fxe6 24. Bxb7 Bxa4 25. Be4 Bb3
26. Ra1 Bd5 27. Rxa7 e5 28. Bxd5+ Kh8 29. Be4 Rbd8+ 30. Ke2 h6 31. Rc7 Rc8
32. Rxc8 Rxc8 33. Bxe5 Kg8 34. Ke3 Kf7 35. Bd5+ Kg6 36. f4 h5 37. h3 Rd8
38. Ke4 Re8 39. f5+ Kg5 40. Be6 g6 41. f6 Rf8 42. f7 Kh6 43. Bd6 1-0

[Event "FIDE World Rapid Team"]
[Site "London ENG"]
[Date "2025.06.13"]
[Round "11.4"]
[White "Zakarian, Dimitrios Levon"]
[Black "Vashisht-Pigem, Raman"]
[Result "1-0"]
[WhiteElo "2033"]
[BlackElo "2015"]
[EventDate "2025.06.11"]
[Board "4"]

1. d4 e6 2. Nf3 Nf6 3. c4 b6 4. a3 Bb7 5. Nc3 Be7 6. d5 O-O 7. e4 exd5 8.
cxd5 c6 9. d6 Re8 10. dxe7 Qxe7 11. Bd3 d5 12. O-O dxe4 13. Nxe4 Nxe4 14.
Bxe4 Na6 15. Re1 Qc7 16. Qc2 h6 17. Be3 Re7 18. Bf4 Qd8 19. Rad1 Qe8 20. b4
Nb8 21. Bh7+ Kh8 22. Rxe7 Qxe7 23. Bf5 c5 24. Ne5 Qf6 25. Rd2 Qd8 1-0

[Event "FIDE World Rapid Team"]
[Site "London ENG"]
[Date "2025.06.13"]
[Round "11.4"]
[White "Maton, Emily"]
[Black "Grigoryan, Meri"]
[Result "0-1"]
[WhiteElo "1827"]
[BlackElo "1908"]
[EventDate "2025.06.11"]
[Board "5"]

1. d4 d5 2. Nf3 Nf6 3. Bf4 e6 4. e3 c5 5. c3 Bd6 6. Ne5 O-O 7. Nd2 Nc6 8.
Bd3 Qc7 9. Ndf3 Ne4 10. Qc2 f5 11. Nxc6 bxc6 12. Bxd6 Qxd6 13. Ne5 Rb8 14.
f3 Nf6 15. O-O-O c4 16. Be2 Ba6 17. Qa4 Rb6 18. Rd2 Rfb8 19. Qd1 Bb5 20. h3
Ra6 21. Kb1 Ba4 22. Qe1 Qa3 23. b3 Bxb3 24. Qc1 Bxa2+ 25. Ka1 Bb1+ 26. Qxa3
Rxa3+ 0-1

[Event "FIDE World Rapid Team"]
[Site "London ENG"]
[Date "2025.06.13"]
[Round "11.4"]
[White "Mesropyan, Hayk"]
[Black "Lapidus, Alexey M."]
[Result "1/2-1/2"]
[WhiteElo "1932"]
[BlackElo "1884"]
[EventDate "2025.06.11"]
[Board "6"]

1. e4 c5 2. Nf3 d6 3. Bb5+ Bd7 4. Bxd7+ Qxd7 5. O-O Nc6 6. Qe2 Nf6 7. Rd1
g6 8. d4 cxd4 9. Nxd4 Bg7 10. Nc3 O-O 11. h3 Rac8 12. Be3 Qc7 13. a3 Qb8
14. Rac1 Ne5 15. Nd5 Nxd5 16. exd5 Nc4 17. c3 Nxe3 18. Qxe3 Rfe8 19. f4 Rc5
20. Qf3 Qc8 21. Rc2 Rc4 22. Rcd2 Bxd4+ 23. Rxd4 Rxd4 24. Rxd4 Qf5 25. Kh2
Rc8 26. Rb4 b6 27. g4 Qc2+ 28. Kg3 Qc1 29. f5 Qe1+ 30. Kg2 Qd2+ 31. Kg3
Qe1+ 32. Kh2 Qd2+ 33. Qg2 Qxg2+ 34. Kxg2 gxf5 35. gxf5 Kg7 36. Kf3 Kf6 37.
Ra4 Rc7 38. Rh4 Kxf5 39. Rxh7 Kg6 40. Rh8 Rc5 41. Ke4 Rc4+ 42. Kd3 Rf4 43.
Rg8+ Kf6 44. Ra8 Rf3+ 45. Ke4 Rxh3 46. Rxa7 Rh2 47. b4 e6 48. dxe6 Kxe6 49.
Rb7 f5+ 50. Kd4 Ra2 51. Rxb6 Rxa3 52. c4 f4 53. c5 f3 54. Rxd6+ Ke7 55. Rd5
Ke6 56. Re5+ Kf6 57. Re3 f2 58. Rxa3 f1=Q 59. Rc3 Qf4+ 60. Kd5 Qd2+ 61. Kc4
Ke5 62. b5 Qd4+ 63. Kb3 Qd1+ 64. Kb4 Qd4+ 65. Rc4 Qb2+ 66. Ka5 Kd5 67. Rg4
Qa3+ 68. Ra4 Qxc5 69. Ka6 Qc8+ 70. Ka7 Kc5 71. Ra1 Qc7+ 72. Ka8 Qc8+ 73.
Ka7 Kxb5 74. Ra5+ Kb4 75. Rb5+ Kc4 76. Rb7 Qc5+ 77. Kb8 Qa5 78. Rc7+ Kd5
79. Kb7 Kd6 80. Rc6+ Kd7 81. Rb6 Qd5+ 82. Kb8 Qa5 83. Kb7 Qa3 84. Rb5 Qf3+
85. Kb6 Qc6+ 86. Ka5 Qc4 87. Rb4 Qa2+ 88. Kb5 Kd6 89. Rd4+ Ke5 90. Rc4 Kd5
91. Rc5+ Kd4 92. Rc6 Qb3+ 93. Ka6 Kd5 94. Rb6 Qa4+ 95. Kb7 Kc5 96. Ra6 Qb5+
97. Ka7 Qd7+ 98. Kb8 Kb5 99. Ra7 Qd6+ 100. Kc8 Qf8+ 101. Kc7 Qe8 102. Rb7+
Ka6 103. Rb6+ Ka5 104. Rd6 Kb5 105. Rd5+ Kc4 106. Rd6 Kc5 107. Rd7 Qa8 108.
Re7 Qa7+ 109. Kd8 Qb8+ 110. Kd7 Qd6+ 111. Ke8 Qf6 112. Rc7+ Kd5 113. Rd7+
Kc6 114. Rc7+ Kb6 115. Rd7 Qe6+ 116. Kd8 Kc6 117. Rc7+ Kb6 118. Rb7+ Ka6
119. Re7 Qg8+ 120. Kd7 Kb6 121. Re6+ Kc5 122. Rc6+ Kd5 123. Rd6+ Ke5 124.
Kc7 Qa8 125. Rd7 Qa7+ 126. Kd8 Qb8+ 127. Ke7 Qg8 128. Rc7 Qe6+ 129. Kd8
Qg8+ 130. Ke7 Qh7+ 131. Kd8 Qh8+ 132. Ke7 Qf6+ 133. Kd7 Qd6+ 134. Kc8 Ke6
135. Kb7 Qb4+ 136. Kc8 Qb6 137. Re7+ Kf6 138. Rd7 Qc5+ 139. Rc7 Qb5 1/2-1/2

[Event "FIDE World Rapid Team"]
[Site "London ENG"]
[Date "2025.06.13"]
[Round "11.5"]
[White "Khoury, Theo"]
[Black "Skytte, Rasmus"]
[Result "1/2-1/2"]
[WhiteElo "2144"]
[BlackElo "2412"]
[EventDate "2025.06.11"]
[Board "1"]

1. e4 e6 2. d4 d5 3. Nc3 Nf6 4. e5 Ng8 5. f4 Nh6 6. Nf3 b6 7. Be3 c5 8. Qd2
Nf5 9. Bf2 Nc6 10. Bb5 Bd7 11. Bxc6 Bxc6 12. Ne2 h5 13. Ng3 Be7 14. Nxf5
exf5 15. O-O h4 16. g3 hxg3 17. hxg3 Qd7 18. Kg2 Qe6 19. a4 c4 20. Rh1
O-O-O 21. a5 b5 22. b4 a6 23. Rxh8 Rxh8 24. Rh1 Rxh1 25. Kxh1 Qh6+ 26. Kg2
Be8 27. c3 Kd7 28. Qe1 Ke6 29. Qh1 Qxh1+ 30. Kxh1 f6 31. exf6 gxf6 32. Kg2
1/2-1/2

[Event "FIDE World Rapid Team"]
[Site "London ENG"]
[Date "2025.06.13"]
[Round "11.5"]
[White "Kistrup, Nicolai"]
[Black "Verbytski, Oleg"]
[Result "1-0"]
[WhiteElo "2221"]
[BlackElo "2090"]
[EventDate "2025.06.11"]
[Board "2"]

1. d4 d5 2. c4 e6 3. Nf3 Nf6 4. g3 Be7 5. Bg2 O-O 6. Nc3 dxc4 7. Ne5 c5 8.
dxc5 Qxd1+ 9. Nxd1 Bxc5 10. Nxc4 Nbd7 11. Bd2 Nd5 12. a3 N7f6 13. Rc1 Rd8
14. O-O Bd7 15. Na5 b6 16. e4 Ne7 17. Nb7 Bb5 18. Nxd8 Rxd8 19. Bc3 Bxf1
20. Kxf1 h6 21. h3 Bd4 22. Ke2 Bxc3 23. Rxc3 Rd7 24. Ne3 Ne8 25. e5 f6 26.
f4 Kf7 27. b4 Nc7 28. a4 Na6 29. Rc4 Nc7 30. b5 Ncd5 31. exf6 Nxe3 32. Kxe3
gxf6 33. Be4 f5 34. Bf3 Kf6 35. Rd4 Nd5+ 36. Bxd5 exd5 37. Rd1 Ke6 38. Rc1
Rg7 39. Rc6+ Kd7 40. Rxh6 Rxg3+ 41. Kd4 Rf3 42. Kxd5 Rxf4 43. Rh7+ Kc8 44.
Rxa7 Kb8 45. Rh7 Rxa4 46. Kc6 Re4 47. Rh8+ Ka7 48. Rh7+ Kb8 49. Kxb6 Re8
50. Rb7+ Ka8 51. Rf7 Rh8 52. Ka6 Kb8 53. b6 f4 54. Rxf4 Rg8 55. h4 Rh8 56.
h5 Rg8 57. h6 Rh8 58. h7 Kc8 59. Rh4 Kb8 60. Rh5 Ka8 61. Rh4 Kb8 62. Rh3
Ka8 63. Rh6 Kb8 64. Kb5 Kb7 65. Kc5 Rc8+ 66. Kd5 Rd8+ 67. Ke5 Rh8 68. Kf6
Kb8 69. Kg7 Rc8 70. Rf6 Kb7 71. Rf8 Rc1 72. h8=Q Rg1+ 73. Kf6 Rf1+ 74. Ke5
Re1+ 75. Kd4 Rd1+ 76. Kc3 Rc1+ 77. Kb2 Rc6 78. Qg7+ Ka6 79. Ra8+ Kb5 80.
Qe5+ Rc5 81. Ra5+ Kxa5 82. Qxc5+ Ka6 83. Kb3 Kb7 84. Qc7+ Ka6 85. Kc4 Ka5
86. Qa7# 1-0

[Event "FIDE World Rapid Team"]
[Site "London ENG"]
[Date "2025.06.13"]
[Round "11.5"]
[White "Dicen, Elis Denele"]
[Black "Nilssen, Ellen Fredericia"]
[Result "0-1"]
[WhiteElo "1982"]
[BlackElo "2104"]
[EventDate "2025.06.11"]
[Board "3"]

1. d4 d5 2. Nf3 e6 3. Bf4 c5 4. e3 Nc6 5. Nbd2 Nf6 6. c3 Bd6 7. Bg3 O-O 8.
Bd3 b6 9. e4 Nh5 10. e5 Be7 11. Qe2 g6 12. a3 a5 13. Nf1 cxd4 14. cxd4 f5
15. h3 b5 16. Bxb5 Qb6 17. Bxc6 Qxc6 18. Qd2 Ba6 19. Bf4 Qb5 20. Bh6 Rfc8
21. g4 Qb3 22. Ne3 f4 23. gxh5 fxe3 24. Qxe3 Qxb2 25. Rd1 Rc3 26. Qd2 Rc2
27. Qf4 Re2+ 28. Kf1 Rxf2+ 29. Kg1 Rg2# 0-1

[Event "FIDE World Rapid Team"]
[Site "London ENG"]
[Date "2025.06.13"]
[Round "11.5"]
[White "Skytte, Robert"]
[Black "Zhao, George"]
[Result "0-1"]
[WhiteElo "1846"]
[BlackElo "1939"]
[EventDate "2025.06.11"]
[Board "4"]

1. e4 e6 2. d4 d5 3. Nc3 Bb4 4. exd5 exd5 5. Bd3 Nc6 6. Nf3 Bg4 7. O-O Nxd4
8. Bb5+ Nxb5 9. Nxb5 Nf6 10. c3 Be7 11. Bf4 O-O 12. Nxc7 Rc8 13. Nb5 Qb6
14. a4 a6 15. Be3 Bc5 16. Bxc5 Rxc5 17. Nbd4 Qxb2 18. Rb1 Qxc3 19. Rxb7 h6
20. h3 Bh5 21. g4 Bg6 22. Rb3 Qa5 23. Ne5 Bh7 24. Rb7 Qc3 25. Rb3 Qa5 26.
Rb7 Rc3 27. Ndc6 Qc5 28. Ne7+ Kh8 29. Nf3 Be4 30. Nh2 Rg3# 0-1

[Event "FIDE World Rapid Team"]
[Site "London ENG"]
[Date "2025.06.13"]
[Round "11.5"]
[White "Jakhria, Kushal"]
[Black "Derlich, Sarah Sima"]
[Result "0-1"]
[WhiteElo "1956"]
[BlackElo "1807"]
[EventDate "2025.06.11"]
[Board "5"]

1. d4 d5 2. c4 e6 3. Nf3 Nf6 4. g3 Bd6 5. Bg2 O-O 6. O-O Nc6 7. c5 Be7 8.
a3 a5 9. Qc2 Bd7 10. h3 b6 11. Rd1 Ne4 12. Nbd2 f5 13. Nb3 a4 14. Nbd2 bxc5
15. dxc5 Nxc5 16. b4 axb3 17. Nxb3 Nxb3 18. Qxb3 Bf6 19. Ra2 Na5 20. Qd3
Ba4 21. Re1 Bb3 22. Rd2 Rb8 23. Nd4 Bxd4 24. Qxd4 Nc4 25. Rd3 c6 26. Bf4
Rb7 27. Rb1 Na5 28. Qe3 Qe7 29. Bg5 Qxa3 30. Qxe6+ Kh8 31. Qe5 Qa4 32. Qd6
Rg8 33. Qe5 Bc2 34. Rxb7 Nxb7 35. Re3 Be4 36. f3 d4 37. fxe4 dxe3 38. exf5
Qd1+ 39. Kh2 Qd6 40. Qxe3 Nd8 41. Bf4 Qd7 42. g4 Re8 43. Qc5 h6 44. e4 Nf7
45. e5 Nd8 46. Qc1 Kh7 47. Qe3 Qb7 48. f6 gxf6 49. Qe4+ Kh8 50. Qg6 Qf7 51.
Qxh6+ Kg8 52. exf6 Re2 53. Qg5+ Kf8 54. Qa5 Qd5 55. Qa3+ c5 56. Qg3 Ne6 57.
Bh6+ Kf7 58. g5 Nf4 59. g6+ Nxg6 60. Bf4 Rxg2+ 61. Qxg2 Qxg2+ 62. Kxg2
Nxf4+ 63. Kg3 Nxh3 64. Kxh3 c4 0-1

[Event "FIDE World Rapid Team"]
[Site "London ENG"]
[Date "2025.06.13"]
[Round "11.5"]
[White "Andries, Leia"]
[Black "Kendall, Arthur"]
[Result "0-1"]
[WhiteElo "1708"]
[BlackElo "1712"]
[EventDate "2025.06.11"]
[Board "6"]

1. e4 e6 2. d4 d5 3. e5 c5 4. c3 Nc6 5. Nf3 Bd7 6. dxc5 Bxc5 7. Bd3 Nge7 8.
O-O Ng6 9. Qe2 Qc7 10. Re1 O-O-O 11. Bg5 Rdf8 12. Bxg6 hxg6 13. Bf4 g5 14.
Bxg5 f6 15. Bf4 fxe5 16. Bg3 Rf5 17. Nxe5 Nxe5 18. Bxe5 Rxf2 19. Qxf2 Bxf2+
20. Kxf2 Qb6+ 21. Kf1 Rf8+ 22. Ke2 Rf2+ 23. Kd1 Qxb2 0-1

[Event "FIDE World Rapid Team"]
[Site "London ENG"]
[Date "2025.06.13"]
[Round "11.6"]
[White "Eren, Ataberk"]
[Black "O`gorman, Tom"]
[Result "1/2-1/2"]
[WhiteElo "2195"]
[BlackElo "2257"]
[EventDate "2025.06.11"]
[Board "1"]

1. Nf3 d5 2. c4 e6 3. g3 Nf6 4. Bg2 d4 5. O-O c5 6. b4 cxb4 7. a3 Nc6 8.
Qa4 Bd7 9. axb4 Nxb4 10. Qb3 Nc6 11. Na3 Bc5 12. Nb5 O-O 13. d3 a6 14. Ba3
b6 15. Nbxd4 Bxd4 16. Nxd4 Nxd4 17. Qb2 Bc6 18. Bxf8 Kxf8 19. Rfb1 Bxg2 20.
Kxg2 b5 21. e3 Nc6 22. cxb5 axb5 23. Qxb5 Rxa1 24. Rxa1 Qd5+ 25. Qxd5 Nxd5
26. Ra8+ Ke7 27. d4 Nf6 28. Kf1 e5 29. Ra6 Kd7 30. dxe5 Nxe5 31. Ra7+ Ke6
32. Ke2 Nfd7 33. Ra6+ Ke7 34. e4 f6 35. f3 g5 36. f4 Ng6 37. Kf3 Kf7 38. e5
Ngf8 39. exf6 gxf4 40. Kxf4 Nxf6 41. Kf5 Nd5 42. Ra7+ Ne7+ 43. Ke4 Kf6 44.
h4 Ne6 45. g4 h6 46. Kf3 Ng6 47. Kg3 Ne5 48. Ra6 Kf7 49. Ra5 Kf6 50. Ra8
Nf7 51. Ra1 Ne5 52. Rf1+ Kg7 53. Re1 Kf6 54. Rf1+ Kg7 1/2-1/2

[Event "FIDE World Rapid Team"]
[Site "London ENG"]
[Date "2025.06.13"]
[Round "11.6"]
[White "Goh, Jinghan Cameron"]
[Black "Makaraci, Tunahan"]
[Result "1/2-1/2"]
[WhiteElo "1992"]
[BlackElo "2151"]
[EventDate "2025.06.11"]
[Board "2"]

1. d4 d5 2. c4 e6 3. Nf3 Nf6 4. g3 c5 5. cxd5 exd5 6. Bg2 Nc6 7. O-O Be7 8.
dxc5 Bxc5 9. Nc3 O-O 10. a3 a5 11. Bg5 d4 12. Bxf6 Qxf6 13. Ne4 Qe7 14.
Nxc5 Qxc5 15. Qd2 Bf5 16. Rfd1 Rad8 17. Rac1 Qb6 18. Qf4 Bg6 19. Rd2 d3 20.
Nh4 Nd4 21. exd3 Nb3 22. Nxg6 hxg6 23. Rc3 Nxd2 24. Qxd2 Rfe8 25. h4 Re5
26. Bf3 Rb5 27. Rc2 Qd4 28. Kg2 b6 29. Qe3 Qxe3 30. fxe3 Rc5 31. Rd2 Kf8
32. d4 Rc1 33. Be4 Ke7 34. Kf3 Kd6 35. Bc2 Rf1+ 36. Kg2 Rc1 37. Bb3 Ke7 38.
e4 f6 39. a4 Rb8 40. Rc2 Rxc2+ 41. Bxc2 Rd8 42. d5 Kd6 43. Kf3 Ke5 44. Bd3
f5 45. exf5 gxf5 46. Bc4 Rc8 47. b3 Rc5 48. Ke3 Rc8 49. Kf3 Rg8 50. Ke3 g5
51. d6 f4+ 52. Ke2 Rd8 53. hxg5 Rxd6 54. Bf7 fxg3 55. g6 Kf6 56. Kf3 Rd3+
57. Kg2 Re3 58. Kh3 Kg7 59. Kg2 Kf6 60. Kh3 Kg7 61. Kg2 Kh6 62. Kh3 Rc3 63.
Kg2 Kg7 64. Kh3 Rf3 65. Kg2 Rxf7 66. gxf7 Kxf7 67. Kxg3 Ke6 68. Kf4 Kd5 69.
Ke3 Kc5 70. Kd3 Kb4 71. Kc2 Ka3 72. Kc3 Ka2 73. Kc2 Ka3 74. Kc3 Ka2 75. Kc2
Ka3 76. Kc3 1/2-1/2

[Event "FIDE World Rapid Team"]
[Site "London ENG"]
[Date "2025.06.13"]
[Round "11.6"]
[White "Eken, Atakan"]
[Black "Gallagher, Daniel Gh"]
[Result "0-1"]
[WhiteElo "2003"]
[BlackElo "2063"]
[EventDate "2025.06.11"]
[Board "3"]

1. e4 e6 2. d4 d5 3. exd5 exd5 4. Bf4 Nf6 5. Nc3 Bd6 6. Qd2 O-O 7. O-O-O c6
8. Bd3 b5 9. f3 a5 10. Nge2 a4 11. Bxd6 Qxd6 12. Qf4 Qxf4+ 13. Nxf4 b4 14.
Nb1 Re8 15. Rhe1 h6 16. Rxe8+ Nxe8 17. Re1 Kf8 18. a3 bxa3 19. Nxa3 Nd6 20.
c3 Bf5 21. Bxf5 Nxf5 22. Nd3 Nd7 23. Nb4 c5 24. dxc5 Nxc5 25. Re5 Nh4 26.
Rxd5 Nb3+ 27. Kc2 Nxg2 28. Rd7 Ne1+ 29. Kd1 Nxf3 30. c4 Nxh2 31. Kc2 Nf3
32. Nd5 h5 0-1

[Event "FIDE World Rapid Team"]
[Site "London ENG"]
[Date "2025.06.13"]
[Round "11.6"]
[White "Rushbrooke, Remy"]
[Black "Tahaoglu, Ugur Barkin"]
[Result "1-0"]
[WhiteElo "2055"]
[BlackElo "1959"]
[EventDate "2025.06.11"]
[Board "4"]

1. Nf3 Nf6 2. g3 d5 3. Bg2 c6 4. c4 Bg4 5. Ne5 Bf5 6. Qb3 Nbd7 7. d4 Qb6 8.
cxd5 Qxb3 9. axb3 cxd5 10. Nc3 e6 11. O-O a6 12. Bf4 Be7 13. Nxd7 Nxd7 14.
Nb5 O-O 15. Nd6 Bxd6 16. Bxd6 Rfc8 17. Rfc1 Bc2 18. b4 Bb3 19. e3 Nb6 20.
Bc5 Rc6 21. b5 Rxc5 22. dxc5 Nc4 23. Rc3 Nd2 24. Rd3 Rc8 25. c6 1-0

[Event "FIDE World Rapid Team"]
[Site "London ENG"]
[Date "2025.06.13"]
[Round "11.6"]
[White "Kalender, Murat Emre"]
[Black "Hng, Mei-Xian Eunice"]
[Result "0-1"]
[WhiteElo "1755"]
[BlackElo "1848"]
[EventDate "2025.06.11"]
[Board "5"]

1. d4 Nf6 2. Bf4 e6 3. e3 c5 4. c3 Qb6 5. Qb3 Nd5 6. Bg3 cxd4 7. exd4 Nc6
8. Nf3 Be7 9. Nbd2 O-O 10. Qc2 f5 11. Bd3 Qd8 12. a3 Nf6 13. h3 b6 14. Nc4
Ba6 15. Nd6 Bxd3 16. Qxd3 f4 17. Bxf4 Qc7 18. d5 Nxd5 19. O-O Nxf4 20. Qe4
Bxd6 21. Rad1 Be7 22. Rd2 d5 23. Qa4 Nxh3+ 24. gxh3 Rxf3 25. Kg2 Raf8 26.
Rg1 Bc5 27. b4 Rxf2+ 28. Rxf2 Rxf2+ 0-1

[Event "FIDE World Rapid Team"]
[Site "London ENG"]
[Date "2025.06.13"]
[Round "11.6"]
[White "Nayberg, Simona"]
[Black "Demir, Aleyna"]
[Result "1-0"]
[WhiteElo "1833"]
[BlackElo "1591"]
[EventDate "2025.06.11"]
[Board "6"]

1. e4 d5 2. exd5 Qxd5 3. Nc3 Qa5 4. d4 c6 5. Bd3 Nf6 6. h3 Bf5 7. Nf3 Bxd3
8. Qxd3 Qc7 9. Ne5 e6 10. Ne4 Nxe4 11. Qxe4 Bd6 12. Nc4 Nd7 13. c3 Nf6 14.
Qf3 Nd5 15. Bg5 h6 16. Bh4 Bf4 17. g3 Bd6 18. Nxd6+ Qxd6 19. g4 Qf4 20.
Qxf4 Nxf4 21. O-O-O g5 22. Bg3 Ne2+ 23. Kc2 Nxg3 24. fxg3 O-O-O 25. Rhf1
Rh7 26. Rf6 Kc7 27. Rdf1 Rf8 28. Rxe6 Kd7 29. Ref6 Ke7 30. R6f5 f6 31. Re1+
Kd6 32. c4 h5 33. c5+ Kd7 34. gxh5 Rxh5 35. h4 b6 36. Ref1 Ke6 37. hxg5
Rh2+ 38. Kc3 Rg2 39. Rxf6+ Rxf6 40. Rxf6+ Kd5 41. Rd6+ Ke4 42. Rxc6 Rxg3+
43. Kc4 bxc5 44. Rxc5 Rg2 45. Re5+ Kf4 46. Rb5 Ke4 47. a4 Rc2+ 48. Kb3 Rg2
49. Kc3 Rg3+ 50. Kc4 Rg2 51. b4 Rd2 52. Re5+ Kf4 53. g6 Rg2 54. Re6 Kf5 55.
d5 Rg4+ 56. Kc5 Rg1 57. a5 Rc1+ 58. Kb5 Rd1 59. Kc6 Rd4 60. g7 Rg4 61. Re7
Kf6 62. d6 1-0

[Event "FIDE World Rapid Team"]
[Site "London ENG"]
[Date "2025.06.13"]
[Round "11.7"]
[White "Sava, Robert-Gabriel"]
[Black "Sedykh, Mikhail"]
[Result "1/2-1/2"]
[WhiteElo "2132"]
[BlackElo "2108"]
[EventDate "2025.06.11"]
[Board "1"]

1. b4 d5 2. Bb2 Nf6 3. e3 e6 4. b5 a6 5. a4 axb5 6. axb5 Rxa1 7. Bxa1 Be7
8. Nf3 O-O 9. Be2 Nbd7 10. O-O Ne4 11. d3 Nd6 12. c4 Bf6 13. Nbd2 Bxa1 14.
Qxa1 c5 15. Rd1 Qc7 16. Qa7 Qb6 17. Qa3 Rd8 18. Rc1 dxc4 19. dxc4 Qc7 20.
Qa7 Nb6 21. Qa3 Nd7 22. Qa7 Nb6 23. Qa1 Bd7 24. Qe5 f6 25. Qc3 Be8 26. e4
e5 27. Qc2 Bf7 28. Nh4 Qd7 29. Rd1 Qe7 30. Rc1 Qe6 31. g3 g6 32. Ng2 Qd7
33. Rd1 Qe6 34. Ne3 f5 35. Nd5 Nd7 36. f3 Nf6 37. Rf1 Kg7 38. Bd3 Qd7 39.
Nb3 Bxd5 40. exd5 b6 41. Qb2 Re8 42. Nd2 Qe7 43. Bc2 Kf7 44. Qc3 Ra8 45.
Re1 Nd7 46. Kh1 Qd8 47. g4 Qg5 48. gxf5 gxf5 49. Rg1 Qf4 50. Qd3 Nf6 51.
Bb3 Ra3 52. Qe2 e4 53. fxe4 Ndxe4 54. Nxe4 Qxe4+ 55. Qxe4 Nxe4 56. Bc2 Rc3
57. Bxe4 fxe4 58. Ra1 Rxc4 59. Ra6 Rd4 60. Rxb6 Rxd5 61. Kg2 Rd2+ 62. Kg3
e3 63. Rc6 Rc2 64. b6 e2 65. Kf2 Rb2 66. Rc7+ Kg6 67. b7 h5 68. h4 Kf5 69.
Rxc5+ Kg4 70. Rc7 Kxh4 71. Rg7 Kh3 72. Ke1 h4 73. Re7 Kg3 74. Rg7+ Kf3 75.
Rf7+ Kg3 76. Rg7+ Kf3 77. Rf7+ 1/2-1/2